000 00277pam a2200121 a 4500
020 _c
041 _aeng
100 _aWilliams K.W.
245 _aLiterary Cristians
_hTextual Documents
260 _aNew Delhi
_bOxford University Press
_c1967
300 _a755p.
930 _a15562
999 _c92462
_d92462